Central Library OPAC University of Rajshahi

The history of witchcraft and demonology / (Record no. 31615)

MARC details
000 -LEADER
fixed length control field 00908cam a22003011 4500
001 - CONTROL NUMBER
control field 31615
003 - CONTROL NUMBER IDENTIFIER
rucl marc code BD-RjUL
005 - DATE AND TIME OF LATEST TRANSACTION
control field 20211209051727.0
008 - FIXED-LENGTH DATA ELEMENTS--GENERAL INFORMATION
fixed length control field 140421r19651926e 001 0 eng d
020 ## - INTERNATIONAL STANDARD BOOK NUMBER
International Standard Book Number 710049706
035 ## - SYSTEM CONTROL NUMBER
System control number (BD-RjUL)31703
System control number (OCoLC)1486975
040 ## - CATALOGING SOURCE
Original cataloging agency DLC
Transcribing agency TxDa
Modifying agency BD-RjUL
Language of cataloging eng
041 ## - LANGUAGE CODE
Language code of text/sound track or separate title eng
082 ## - DEWEY DECIMAL CLASSIFICATION NUMBER
Classification number 133.409
Author mark and year SUH 1969
100 1# - MAIN ENTRY--PERSONAL NAME
Personal name Summers, Montague,
Dates associated with a name 1880-1948.
9 (RLIN) 96218
245 14 - TITLE STATEMENT
Title The history of witchcraft and demonology /
260 ## - PUBLICATION, DISTRIBUTION, ETC. (IMPRINT)
Place of publication, distribution, etc. London :
Name of publisher, distributor, etc. Routledge & K. Paul,
Date of publication, distribution, etc. 1965 [Reprinted 1969]
300 ## - PHYSICAL DESCRIPTION
Pagination xv, 353 p. :
Illustrations facsims., plates. ;
Size 25 cm.
490 0# - SERIES STATEMENT
Series statement The History of civilization
500 ## - GENERAL NOTE
General note First published in 1926.
504 ## - BIBLIOGRAPHY, ETC. NOTE
Bibliography, etc Includes index and Bibliography: p. 315-346.
650 #0 - SUBJECT ADDED ENTRY--TOPICAL TERM
Topical term or geographic name as entry element Witchcraft
General subdivision History.
9 (RLIN) 96219
Topical term or geographic name as entry element Demonology.
9 (RLIN) 96220
942 ## - ADDED ENTRY ELEMENTS (KOHA)
Source of classification or shelving scheme Dewey Decimal Classification
Koha item type Books
Holdings
Lost status Source of classification or shelving scheme Damaged status Not for loan Collection code Permanent Location Current Location Shelving location Date acquired Coded location qualifier Cost, normal purchase price Total Checkouts Full call number Date last seen Copy number Koha item type
  Dewey Decimal Classification   Not For Loan Non-fiction Central Library, University of Rajshahi Central Library, University of Rajshahi Reading Room 11/08/1972 Paramont B 55.00   133.409 SUH 1969 21/04/2014 C-1 Books